000
00265nam a2200097Ia 4500
001
652783
005
20250826154445.0
008
250824s9999 xx 000 0 und d
245
0
_a
KAMELYALI KADIN ANTİK YENİ
_c
ALEXANDRE DUMAS
260
_b
ANTİK DÜNYA KLASİKLERİ
999
_c
652783
_d
652783